Gönlümüzdeki İskeçe (Record no. 5559)

MARC details
000 -BAŞLIK
Sabit Uzunlukta Kontrol Alanı 00592na a2200205 4500
001 - KONTROL NUMARASI
Denetim Alanı 18589
003 - KONTROL NUMARASI IDENTIFIER
Denetim Alanı MIRAKIL
005 - SON İŞLEM TARİHİ VE ZAMANI
Denetim Alanı 20181213155040.0
008 - SABİT-BOY VERİ ELEMANLARI - GENEL BİLGİLER
Sabit Uzunlukta Kontrol Alanı 161122b tu 000 0
040 ## - KATALOGLAMA KAYNAK
Orijinal Kataloglama Ajansı Milas
Kataloglama Dili tur
Metne Dönüştürmek Ajansı TR-AnCHP
041 ## - DİL KODU
Metin / Ses Parça Veya Ayrı Başlığın Dil Kodu tur
-- gre
082 ## - DEWEY ONLU SINIFLANDIRMA NUMARASI
Sınıflandırma Numarası 956.22
Ürün Numarası G75 2008
090 ## - SINIFLAMA NUMARASI
Sınıflama Numarası 956.22 G75 2008
245 ## - BAŞLIK TABLOSU
Başlık Gönlümüzdeki İskeçe
Sorumluluk Tablosu, Vb derleyen: Sabriye Kasım Delioğlu
260 ## - YAYIN, DAĞITIM, VB
Yayın, Dağıtım, Vb Yeri İskeçe
Yayıncı, Dağıtıcı, Vs Adı İskeçe Türk Birliği
Yayın, Dağıtım, Vb Tarihi 2008
300 ## - FİZİKSEL TANIM
Kapsam 164 s.
Diğer Fiziksel Ayrıntıları fotğ.
Boyutlar 23 sm.
651 ## - KONU KATMA GİRİŞ - COĞRAFİ ADI
Coğrafi İsim Yunanistan (İskeçe)
Genel Alt Bölümü fotoğraflar
700 ## - KATMA GİRİŞ - KİŞİSEL İSİM
Kişisel Ad Delioğlu, Sabriye Kasım
942 ## - EKLENDİ GİRİŞ ELEMANLARI (KOHA)
Sınıflandırma Veya Raf Düzeni Kaynak Dewey Decimal Classification
Koha Öğesi Türü Books
999 ## - SİSTEM KONTROL NUMARALARI (KOHA)
Koha Biblionumber 5559
Koha Biblioitemnumber 5559
Holdings
Kalıcı Konum Mevcut Konum Edinme Tarihi Edinim Kaynak Toplam Check-Out'Lar Tam Çağrı Numarası Barkod Tarih Son Görülme İtibaren Geçerli Fiyatlar Koha Öğesi Türü
CHP Kütüphanesi CHP Kütüphanesi 11/22/2016 Bağış   956.22 G75 2008 009935 11/22/2016 11/22/2016 Books